[Event "Bodensee Seniors op"]
[Site "Bregenz"]
[Date "2023.05.16"]
[Round "4"]
[White "Hilbig, Olaf"]
[Black "Peterlunger, Erich"]
[Result "1-0"]
[WhiteElo "2027"]
[BlackElo "1883"]
[PlyCount "107"]
[EventDate "2023.05.13"]
[EventType "swiss"]
[EventRounds "7"]
[EventCountry "AUT"]
[SourceTitle "CBM 214 Extra"]
[Source "ChessBase"]
[SourceDate "2023.07.31"]
[SourceVersion "1"]
[SourceVersionDate "2023.07.31"]
[SourceQuality "1"]

1. d4 c5 2. d5 d6 3. Nc3 g6 4. e4 Bg7 5. Be2 a6 6. a4 Nd7 7. h4 h5 8. Bg5 Ne5 9. Qd2 Nf6 10. Nf3 Nxf3+ 11. Bxf3 Ng4 12. Be2 Qb6 13. Nd1 Qb4 14. c3 Qa5 15. Ne3 Nxe3 16. Bxe3 Bd7 17. b4 cxb4 18. cxb4 Qd8 19. Ra3 0-0 20. Bd4 Bxd4 21. Qxd4 Rc8 22. 0-0 Rc2 23. Bxh5 e5 24. Qd3 Rc7 25. Qg3 Qf6 26. Be2 Rfc8 27. Rf3 Qg7 28. b5 axb5 29. Bxb5 Bxb5 30. axb5 Rc1 31. Qg5 Rxf1+ 32. Kxf1 Rc4 33. h5 Rxe4 34. h6 Qf8 35. Qf6 Kh7 36. Qxf7+ Qxf7 37. Rxf7+ Kxh6 38. Rxb7 Rd4 39. Rd7 Rxd5 40. b6 Kg5 41. Ke2 Kf5 42. Rd8 Rb5 43. Rxd6 g5 44. Kd3 Rb1 45. Kc4 Rb2 46. Kc5 e4 47. Rd5+ Kf4 48. Kc6 Rxf2 49. b7 Rc2+ 50. Rc5 Rb2 51. Rb5 Rxb5 52. Kxb5 Kg3 53. b8Q+ Kxg2 54. Qe5 1-0

[Event "Mittelfrank Regionalliga Nord-West 2223"]
[Site "Mittelfranken"]
[Date "2023.03.05"]
[Round "7.4"]
[White "Hilbig, Olaf"]
[Black "Schneider, Johannes1111"]
[Result "1-0"]
[WhiteElo "1977"]
[BlackElo "1824"]
[PlyCount "57"]
[EventDate "2022.10.09"]
[EventType "team-tourn"]
[EventRounds "9"]
[EventCountry "GER"]
[SourceTitle "EXT 2024"]
[Source "ChessBase"]
[SourceDate "2023.10.10"]
[SourceVersion "1"]
[SourceVersionDate "2023.10.10"]
[SourceQuality "1"]
[WhiteTeam "Hof PTSV"]
[BlackTeam "Stetten"]
[WhiteTeamCountry "GER"]
[BlackTeamCountry "GER"]

1. d4 d5 2. Nc3 Nf6 3. Bg5 Nbd7 4. f3 h6 5. Bh4 e6 6. e4 Be7 7. Bf2 c5 8. e5 Nh7 9. f4 a6 10. Nf3 b5 11. a3 Qc7 12. Bd3 0-0 13. 0-0 Rd8 14. f5 cxd4 15. Bxd4 Bc5 16. Bxc5 Nxc5 17. f6 Nxd3 18. cxd3 gxf6 19. d4 f5 20. Qd2 Kg7 21. Ne2 f6 22. Rac1 Qf7 23. h4 Bb7 24. Nf4 Rac8 25. Qa5 Qd7 26. Qb6 Rc6 27. Rxc6 Qxc6 28. Qxc6 Bxc6 29. Nxe6+ 1-0

[Event "Mittelfrank Regionalliga Nord-West 2122"]
[Site "Mittelfranken"]
[Date "2022.05.08"]
[Round "8.7"]
[White "Baldszuhn, Christian"]
[Black "Hilbig, Olaf"]
[Result "1-0"]
[WhiteElo "1705"]
[BlackElo "1945"]
[PlyCount "115"]
[EventDate "2021.10.24"]
[EventType "team-tourn"]
[EventRounds "9"]
[EventCountry "GER"]
[SourceTitle "EXT 2024"]
[Source "ChessBase"]
[SourceDate "2023.10.10"]
[SourceVersion "1"]
[SourceVersionDate "2023.10.10"]
[SourceQuality "1"]
[WhiteTeam "Bamberg II"]
[BlackTeam "Hof PTSV"]
[WhiteTeamCountry "GER"]
[BlackTeamCountry "GER"]

1. e4 g6 2. d4 Bg7 3. Nf3 d6 4. Bc4 Nf6 5. Nc3 0-0 6. 0-0 c6 7. e5 Ne8 8. Bg5 d5 9. Be2 f6 10. exf6 Nxf6 11. Qd2 Qc7 12. Bh6 Ng4 13. Bxg7 Kxg7 14. h3 Rxf3 15. hxg4 Rf7 16. f4 e6 17. g3 c5 18. Kg2 cxd4 19. Nb5 Qb6 20. Nxd4 Nc6 21. Nf3 Qxb2 22. Rh1 Kg8 23. Ng5 Rg7 24. f5 Qd4 25. Qxd4 Nxd4 26. f6 Nxe2 27. fxg7 Kxg7 28. Rxh7+ Kf6 29. Nf7 Ke7 30. Ne5+ Kd6 31. Rh8 b6 32. Re1 Nd4 33. c3 Nb5 34. c4 Nc3 35. cxd5 Bb7 36. Rxa8 Bxa8 37. Nxg6 Bxd5+ 38. Kh3 Bxa2 39. Ne5 Nd5 40. g5 a5 41. g6 Nf6 42. g7 Ng8 43. Kh4 Bb3 44. Kg5 Bc2 45. Nf7+ Kd5 46. Re5+ Kc4 47. Rxe6 Kc5 48. Re8 Bb3 49. Nh6 Nxh6 50. Kxh6 a4 51. g8Q Bxg8 52. Rxg8 b5 53. Rc8+ Kb4 54. g4 a3 55. g5 a2 56. Ra8 Kb3 57. g6 b4 58. g7 1-0

[Event "GER-chT Betriebe 17th"]
[Site "Berlin"]
[Date "2017.11.03"]
[Round "4.2"]
[White "Hilbig, Olaf"]
[Black "Hortolani, Sven Holger"]
[Result "0-1"]
[WhiteElo "2167"]
[BlackElo "2149"]
[PlyCount "74"]
[EventDate "2017.11.02"]
[EventType "team-swiss"]
[EventRounds "7"]
[EventCountry "GER"]
[SourceTitle "EXT 2020"]
[Source "ChessBase"]
[SourceDate "2019.10.17"]
[SourceVersion "1"]
[SourceVersionDate "2019.10.17"]
[SourceQuality "1"]
[WhiteTeam "Frankfurt Commerzbank"]
[BlackTeam "Herne Wanne Eickel EKJ"]
[WhiteTeamCountry "GER"]
[BlackTeamCountry "GER"]

1. Nc3 d5 2. e4 e6 3. Nf3 Nf6 4. e5 Nfd7 5. d4 c5 6. Bf4 Nc6 7. dxc5 Bxc5 8. Bd3 f6 9. exf6 Nxf6 10. 0-0 0-0 11. Bg3 Bd6 12. Re1 Bxg3 13. hxg3 Ng4 14. Qd2 h6 15. Re2 Qf6 16. Rae1 Bd7 17. a3 Rac8 18. Rf1 Rcd8 19. Nh2 Nxh2 20. Kxh2 Nd4 21. Ree1 Qf7 22. Bh7+ Kxh7 23. Qxd4 Qg6 24. Re2 Bb5 25. Rfe1 Bxe2 26. Rxe2 Rc8 27. Kg1 b6 28. Qe5 Rf6 29. Nb5 Rxc2 30. Nxa7 Rc1+ 31. Re1 Qc2 32. Rxc1 Qxc1+ 33. Kh2 Rxf2 34. Qxe6 Qd2 35. Nc6 Rxg2+ 36. Kh3 Rh2+ 37. Kg4 h5+ 0-1

[Event "GER-chT Betriebe 16th"]
[Site "Dresden"]
[Date "2016.11.05"]
[Round "4.1"]
[White "Ungerer, Markus"]
[Black "Hilbig, Olaf"]
[Result "1-0"]
[WhiteElo "2125"]
[BlackElo "2167"]
[PlyCount "83"]
[EventDate "2016.11.03"]
[EventType "team-swiss"]
[EventRounds "7"]
[EventCountry "GER"]
[SourceTitle "EXT 2020"]
[Source "ChessBase"]
[SourceDate "2019.10.17"]
[SourceVersion "1"]
[SourceVersionDate "2019.10.17"]
[SourceQuality "1"]
[WhiteTeam "Stuttgart Wuestenrot&Wuertt"]
[BlackTeam "Frankfurt Commerzbank II"]
[WhiteTeamCountry "GER"]
[BlackTeamCountry "GER"]

1. e4 c5 2. Nf3 d6 3. c3 e6 4. d4 Be7 5. Bd3 Qc7 6. 0-0 Bd7 7. Na3 a6 8. Bf4 b5 9. e5 d5 10. Ng5 g6 11. Qf3 c4 12. Bc2 Bxg5 13. Bxg5 Nc6 14. b3 b4 15. bxc4 bxa3 16. cxd5 exd5 17. Qxd5 Be6 18. Qc5 Rc8 19. Ba4 Bd7 20. Rab1 Nge7 21. Bf6 0-0 22. Bxc6 Nxc6 23. d5 Nxe5 24. Qxc7 Rxc7 25. Bxe5 Rcc8 26. Rfd1 Bb5 27. d6 Rcd8 28. Rd4 f6 29. Bg3 Rfe8 30. c4 Bc6 31. Kf1 Bd7 32. f3 Rb8 33. Rbd1 Rb2 34. R1d2 Rb1+ 35. Kf2 Ree1 36. Re4 Rf1+ 37. Ke3 Rfc1 38. Re7 Rb7 39. Kd4 Rb2 40. Bf4 Rxd2+ 41. Bxd2 Rc2 42. Bb4 1-0

[Event "GER-chT Betriebe 16th"]
[Site "Dresden"]
[Date "2016.11.03"]
[Round "1.1"]
[White "Hilbig, Olaf"]
[Black "Segerberg, Tomas Olof"]
[Result "0-1"]
[WhiteElo "2167"]
[BlackElo "2075"]
[PlyCount "64"]
[EventDate "2016.11.03"]
[EventType "team-swiss"]
[EventRounds "7"]
[EventCountry "GER"]
[SourceTitle "EXT 2020"]
[Source "ChessBase"]
[SourceDate "2019.10.17"]
[SourceVersion "1"]
[SourceVersionDate "2019.10.17"]
[SourceQuality "1"]
[WhiteTeam "Frankfurt Commerzbank II"]
[BlackTeam "Muenchen Europ Patentamt"]
[WhiteTeamCountry "GER"]
[BlackTeamCountry "GER"]

1. Nc3 d5 2. d4 c6 3. e4 e6 4. Nf3 Bb4 5. e5 b6 6. a3 Bxc3+ 7. bxc3 Ba6 8. Bxa6 Nxa6 9. Qd3 Nb8 10. 0-0 Qd7 11. a4 Ne7 12. Ba3 h6 13. h4 0-0 14. h5 Rc8 15. Nh4 c5 16. f4 Nf5 17. Nxf5 exf5 18. dxc5 bxc5 19. Rfd1 d4 20. cxd4 cxd4 21. Qxd4 Qxd4+ 22. Rxd4 Nc6 23. Rd7 Nd8 24. Rb1 Rxc2 25. Be7 Ne6 26. Rb4 a5 27. Rbb7 Nxf4 28. Bd6 Rxg2+ 29. Kf1 Rc8 30. Ba3 Rc3 31. Rd8+ Kh7 32. Rbb8 Rf3+ 0-1

[Event "GER-chT Betriebe 14th"]
[Site "Dresden"]
[Date "2014.11.20"]
[Round "2.1"]
[White "Blum, Norbert"]
[Black "Hilbig, Olaf"]
[Result "0-1"]
[WhiteElo "2009"]
[BlackElo "2167"]
[PlyCount "62"]
[EventDate "2014.11.20"]
[EventType "team-swiss"]
[EventRounds "7"]
[EventCountry "GER"]
[SourceTitle "EXT 2020"]
[Source "ChessBase"]
[SourceDate "2019.10.17"]
[SourceVersion "1"]
[SourceVersionDate "2019.10.17"]
[SourceQuality "1"]
[WhiteTeam "Stuttgart Sparkassen-Vers"]
[BlackTeam "Frankfurt Commerzbank"]
[WhiteTeamCountry "GER"]
[BlackTeamCountry "GER"]

1. e4 c5 2. c3 d5 3. exd5 Qxd5 4. d4 e5 5. Nf3 Bg4 6. Be2 e4 7. Ng5 Bxe2 8. Qxe2 Nc6 9. dxc5 0-0-0 10. b4 Nf6 11. Be3 h6 12. Nh3 Ne5 13. Nf4 Qd7 14. 0-0 g5 15. Nh5 Nxh5 16. Qxh5 f5 17. Bd4 Bg7 18. Na3 Nd3 19. Bxg7 Qxg7 20. Nb5 Nf4 21. Qd1 Rxd1 22. Raxd1 Ne2+ 23. Kh1 Nxc3 24. Nd6+ Kb8 25. Rd2 f4 26. Rc2 e3 27. fxe3 fxe3 28. Nf5 Qe5 29. Ng3 Rd8 30. Ne2 Nxe2 31. Rxe2 Rd2 0-1

[Event "BL2-Ost 0405"]
[Site "Germany"]
[Date "2005.02.13"]
[Round "7.7"]
[White "Hilbig, Olaf"]
[Black "Schultz, Andreas"]
[Result "0-1"]
[WhiteElo "2209"]
[BlackElo "2200"]
[PlyCount "116"]
[EventDate "2004.10.24"]
[EventType "team-tourn"]
[EventRounds "9"]
[EventCountry "GER"]
[SourceTitle "EXT 2007"]
[Source "ChessBase"]
[SourceDate "2006.11.23"]
[SourceVersion "1"]
[SourceVersionDate "2006.11.23"]
[SourceQuality "1"]
[WhiteTeam "Koenig Plauen"]
[BlackTeam "Leipzig Mitte"]
[WhiteTeamCountry "GER"]
[BlackTeamCountry "GER"]

1. Nc3 d5 2. d4 Bf5 3. f3 e6 4. e4 Bg6 5. h4 h6 6. h5 Bh7 7. exd5 exd5 8. Bd3 Bxd3 9. Qxd3 c6 10. Bf4 Bd6 11. Bxd6 Qxd6 12. 0-0-0 Ne7 13. Re1 Na6 14. Nh3 0-0-0 15. Re5 Rhe8 16. Rhe1 Nc7 17. g4 Ng8 18. Qf5+ Qd7 19. Rxe8 Rxe8 20. Rxe8+ Nxe8 21. Qe5 Ngf6 22. Nf4 Qd6 23. Qe3 Nc7 24. Nd3 Nd7 25. Ne2 Kd8 26. Kd2 Ne6 27. c3 Ng5 28. Nef4 Nb6 29. b3 Nd7 30. Kc2 b6 31. b4 Qe7 32. Ne5 Nxe5 33. dxe5 Kc7 34. b5 Qc5 35. Kd2 Qxb5 36. e6 d4 37. cxd4 Qb2+ 38. Ke1 Qa1+ 39. Kf2 Qxa2+ 40. Kg3 Nxe6 41. Qe5+ Kd7 42. Nxe6 Qxe6 43. Qxg7 Ke7 44. Kg2 Qf6 45. Qh7 Qf4 46. Qe4+ Qxe4 47. fxe4 f6 48. Kf3 a5 49. Ke3 c5 50. d5 Kd6 51. Kd3 b5 52. Kc3 a4 53. Kb2 b4 54. Kc2 c4 55. Kb2 a3+ 56. Ka2 Ke5 57. Kb1 b3 58. Ka1 c3 0-1

[Event "BL2-Ost 0405"]
[Site "Germany"]
[Date "2004.12.12"]
[Round "4.8"]
[White "Hilbig, Olaf"]
[Black "Braun, Christian"]
[Result "1/2-1/2"]
[WhiteElo "2209"]
[BlackElo "2240"]
[PlyCount "90"]
[EventDate "2004.10.24"]
[EventType "team-tourn"]
[EventRounds "9"]
[EventCountry "GER"]
[SourceTitle "EXT 2007"]
[Source "ChessBase"]
[SourceDate "2006.11.23"]
[SourceVersion "1"]
[SourceVersionDate "2006.11.23"]
[SourceQuality "1"]
[WhiteTeam "Koenig Plauen"]
[BlackTeam "Wuerzburg"]
[WhiteTeamCountry "GER"]
[BlackTeamCountry "GER"]

1. Nc3 d5 2. d4 Nf6 3. Bg5 Bf5 4. f3 Nbd7 5. Nxd5 Nxd5 6. e4 h6 7. Bh4 Ne3 8. Qd3 Nxf1 9. exf5 Nc5 10. dxc5 Qxd3 11. cxd3 Ne3 12. Ke2 Nxf5 13. Bf2 0-0-0 14. Rc1 e5 15. Nh3 Be7 16. g4 Nd4+ 17. Bxd4 Rxd4 18. Nf2 g6 19. c6 b6 20. Rhg1 Rhd8 21. a3 Bh4 22. Ne4 Rxd3 23. Rc2 a6 24. a4 Be7 25. g5 hxg5 26. Nxg5 Bxg5 27. Rxg5 R3d5 28. Ke3 R8d6 29. h4 f5 30. h5 gxh5 31. Rxf5 h4 32. Rh5 Rd3+ 33. Ke2 R3d4 34. b3 Rb4 35. Rc3 b5 36. a5 Rf4 37. Rxe5 Rff6 38. Re8+ Rd8 39. Re4 Rh6 40. Rg4 h3 41. Rg1 h2 42. Rh1 Re6+ 43. Kf2 Rd2+ 44. Kg3 Rg6+ 45. Kf4 Rg1 1/2-1/2

[Event "Bad Woerishofen op 16th"]
[Site "Bad Woerishofen"]
[Date "2000.03.24"]
[Round "8"]
[White "Schoettker, Jochen"]
[Black "Hilbig, Olaf"]
[Result "1-0"]
[WhiteElo "1935"]
[BlackElo "2234"]
[PlyCount "75"]
[EventDate "2000.03.??"]
[EventType "swiss"]
[EventRounds "9"]
[EventCountry "GER"]
[SourceTitle "CBM 075 Extra"]
[Source "ChessBase"]
[SourceDate "2000.05.11"]
[SourceVersion "2"]
[SourceVersionDate "2000.05.11"]
[SourceQuality "1"]

1. Nf3 Nf6 2. g3 g6 3. Bg2 Bg7 4. 0-0 0-0 5. d3 c5 6. c4 Nc6 7. Nc3 d5 8. cxd5 Nxd5 9. Bd2 Nxc3 10. Bxc3 e5 11. Rc1 Be6 12. a3 Rc8 13. Qa4 a6 14. b4 cxb4 15. axb4 Nd4 16. Bxd4 exd4 17. Nd2 Bh6 18. Rxc8 Bxc8 19. Ne4 Qe7 20. Bf3 b5 21. Qa5 Kg7 22. Ra1 Bb7 23. Qb6 Rd8 24. Nc5 Bxf3 25. exf3 Rd6 26. Qb8 Bd2 27. Rxa6 Rxa6 28. Nxa6 Qe2 29. Nc5 Qxf3 30. Qxb5 Qd5 31. Qb6 f5 32. Ne6+ Kh6 33. Nxd4 Kg5 34. Qc5 Qb7 35. b5 Kg4 36. Qc6 Qe7 37. Kg2 h5 38. h4 1-0

[Event "Bad Woerishofen op 16th"]
[Site "Bad Woerishofen"]
[Date "2000.03.17"]
[Round "1"]
[White "Hilbig, Olaf"]
[Black "Schweitzer, Paul"]
[Result "1-0"]
[WhiteElo "2234"]
[BlackElo "1690"]
[PlyCount "67"]
[EventDate "2000.03.??"]
[EventType "swiss"]
[EventRounds "9"]
[EventCountry "GER"]
[SourceTitle "CBM 075 Extra"]
[Source "ChessBase"]
[SourceDate "2000.05.11"]
[SourceVersion "2"]
[SourceVersionDate "2000.05.11"]
[SourceQuality "1"]

1. Nc3 c6 2. d4 d5 3. e4 e6 4. Nf3 Nf6 5. e5 Ng4 6. Bd3 b5 7. 0-0 a5 8. a3 Bb7 9. Ng5 h5 10. f4 Qb6 11. Be2 Ba6 12. f5 Nxe5 13. Kh1 Ng4 14. fxe6 f6 15. Nf7 Rg8 16. h3 Ra7 17. hxg4 hxg4 18. Bxg4 b4 19. Ne2 c5 20. Re1 bxa3 21. Rxa3 c4 22. Rf3 Bb4 23. c3 Be7 24. Nf4 Bb7 25. Bh5 g6 26. Nxg6 Qb3 27. Qd2 Bc8 28. Nh6 Rxg6 29. Bxg6+ Kd8 30. Qf4 Qb6 31. Nf7+ Ke8 32. Rh3 Bf8 33. Qxf6 Qc7 34. Nd6# 1-0